[Event "Chioggia op-A 09th"]
[Site "Chioggia"]
[Date "2014.10.12"]
[Round "5"]
[White "Carletti, Angelo"]
[Black "Bannery, Benjamin"]
[Result "0-1"]
[WhiteElo "1914"]
[BlackElo "1997"]
[PlyCount "72"]
[EventDate "2014.10.10"]
[EventType "swiss"]
[EventRounds "5"]
[EventCountry "ITA"]
[SourceTitle "EXT 2022"]
[Source "ChessBase"]
[SourceDate "2021.10.06"]
[SourceVersion "1"]
[SourceVersionDate "2021.10.06"]
[SourceQuality "1"]

1. e4 e6 2. d3 d5 3. Nd2 Nf6 4. Ngf3 c5 5. g3 Nc6 6. Bg2 Be7 7. 0-0 b6 8. Re1 Bb7 9. e5 Nd7 10. Qe2 Qc7 11. Nf1 h6 12. h4 0-0-0 13. c3 Ba6 14. Bf4 Rdg8 15. g4 Bxh4 16. Nxh4 g5 17. Bh2 gxh4 18. f4 Rg7 19. Ne3 Rhg8 20. Bh3 Kb8 21. Kh1 d4 22. Nc4 Bb7 23. Nd6 Ba8 24. Ne4 dxc3 25. bxc3 Ne7 26. a4 Nd5 27. Qb2 a5 28. Re2 c4 29. d4 Qc6 30. Ra3 Rxg4 31. Bxg4 Rxg4 32. Qc1 f5 33. exf6 N5xf6 34. f5+ Ka7 35. d5 Qxd5 36. Qxh6 Nxe4 0-1

[Event "Paris-ch op-A"]
[Site "Paris"]
[Date "2010.07.07"]
[Round "5"]
[White "Bannery, Benjamin"]
[Black "Larcheveque, Francois"]
[Result "1/2-1/2"]
[WhiteElo "1898"]
[BlackElo "2015"]
[PlyCount "84"]
[EventDate "2010.07.03"]
[EventType "swiss"]
[EventRounds "9"]
[EventCountry "FRA"]
[SourceTitle "CBM 137 Extra"]
[Source "ChessBase"]
[SourceDate "2010.09.01"]
[SourceVersion "1"]
[SourceVersionDate "2010.09.01"]
[SourceQuality "1"]

1. d4 Nf6 2. c4 g6 3. Nc3 d5 4. g4 dxc4 5. g5 Nd5 6. Qa4+ Nc6 7. Bg2 Nb6 8. Bxc6+ bxc6 9. Qxc6+ Bd7 10. Qe4 Bg7 11. h4 0-0 12. Be3 Bf5 13. Qf4 Nd5 14. Qf3 Nb4 15. Rd1 c5 16. d5 Nc2+ 17. Kf1 Nd4 18. Qf4 Rb8 19. Bc1 e5 20. Qd2 e4 21. Qf4 f6 22. Qh2 Qd7 23. e3 Bg4 24. exd4 Bxd1 25. dxc5 Qg4 26. Ke1 Bf3 27. Qh3 Qc8 28. Qxc8 Rbxc8 29. Nxf3 exf3 30. c6 f5 31. Bf4 Bxc3+ 32. bxc3 Rfd8 33. d6 Rxc6 34. Kd2 Rcxd6+ 35. Bxd6 Rxd6+ 36. Kc2 Re6 37. Rd1 Re2+ 38. Rd2 Kf7 39. Rxe2 fxe2 40. Kd2 Ke6 41. Kxe2 Ke5 42. Kf3 Kd5 1/2-1/2

[Event "Paris-ch op-A"]
[Site "Paris"]
[Date "2010.07.05"]
[Round "3"]
[White "Bannery, Benjamin"]
[Black "Leuly, Max"]
[Result "1/2-1/2"]
[WhiteElo "1898"]
[BlackElo "2107"]
[PlyCount "47"]
[EventDate "2010.07.03"]
[EventType "swiss"]
[EventRounds "9"]
[EventCountry "FRA"]
[SourceTitle "CBM 137 Extra"]
[Source "ChessBase"]
[SourceDate "2010.09.01"]
[SourceVersion "1"]
[SourceVersionDate "2010.09.01"]
[SourceQuality "1"]

1. d4 d5 2. c4 e6 3. Nf3 c5 4. cxd5 exd5 5. dxc5 Bxc5 6. g3 Nc6 7. Bg2 Nf6 8. 0-0 0-0 9. Bg5 Be6 10. Nc3 d4 11. Bxf6 Qxf6 12. Ne4 Qe7 13. Qc2 Bb6 14. Neg5 g6 15. Nxe6 Qxe6 16. a3 Rfe8 17. Rfe1 Rad8 18. Qd2 Kg7 19. b4 h6 20. Rab1 Re7 21. Rb2 Qf6 22. Qd3 Qe6 23. Kf1 Kh7 24. h4 1/2-1/2